Thiết kế mạch mạch hiển thị chữ "Trường đại học Sư Phạm" dùng vi điều khiển
Giới thiệu vi điều khiển 89C51. Một số linh kiện dùng trong mạch. Thiết kế phần cứng. Thiết kế phần mềm
Wedi'i Gadw mewn:
| Prif Awdur: | |
|---|---|
| Awduron Eraill: | , |
| Fformat: | Llyfr |
| Cyhoeddwyd: |
Đà Nẵng
Đại học Sư phạm, Đại học Đà Nẵng
2012
|
| Pynciau: | |
| Tagiau: |
Ychwanegu Tag
Dim Tagiau, Byddwch y cyntaf i dagio'r cofnod hwn!
|
| Thư viện lưu trữ: | Mạng thư viện Đại học Đà Nẵng |
|---|
| LEADER | 01717nam a2200349 4500 | ||
|---|---|---|---|
| 001 | 000017426 | ||
| 003 | 13844 | ||
| 005 | 20130416080422.0 | ||
| 008 | 130416s2012 sd | ||
| 082 | |a 621.3815 |b PH-C | ||
| 100 | 1 | |a Phạm Thị Kim Chung | |
| 245 | |a Thiết kế mạch mạch hiển thị chữ "Trường đại học Sư Phạm" dùng vi điều khiển |c Phạm Thị Kim Chung, Phạm Thị Hương ; Lê Xứng hướng dẫn |k Khóa luận tốt nghiệp | ||
| 260 | |a Đà Nẵng |b Đại học Sư phạm, Đại học Đà Nẵng |c 2012 | ||
| 300 | |a 51 tr. |c 29 cm. |e Đĩa CD, bản tóm tắt | ||
| 500 | |a Khóa luận tốt nghiệp đại học. Chuyên ngành: Cử nhân Vật Lý | ||
| 504 | |a Mục lục đầu trang, tài liệu tham khảo tr. 73 - 74, phụ lục [13 tr.] | ||
| 520 | |a Giới thiệu vi điều khiển 89C51. Một số linh kiện dùng trong mạch. Thiết kế phần cứng. Thiết kế phần mềm | ||
| 600 | 1 | 4 | |b Vua |c Đinh Tiên Hoàng |
| 650 | 0 | 4 | |a Thiết kế mạch |v Khóa luận tốt nghiệp |x Nghiên cứu |
| 653 | |a Khoa Vật lý |a Vi điều khiển 89C51 |a Thiết kế mạch | ||
| 700 | |a Lê Xứng |e Hướng dẫn | ||
| 700 | |a Phạm Thị Hương | ||
| OWN | |a LSP | ||
| AVA | |a UDN50 |b LSP |d 621.3815 PH-C |e available |t Error 5001 Not defined in file expand_doc_bib_avail. |f 1 |g 0 |h N |i 0 |k 1 | ||
| 999 | |a From the UDN01 | ||
| AVA | |a UDN50 |b LSP |d 621.3815 PH-C |e available |t Error 5001 Not defined in file expand_doc_bib_avail. |f 1 |g 0 |h N |i 0 |k 1 | ||
| TYP | |a Monograph | ||
| TYP | |a Printed language | ||
| 980 | |a Mạng thư viện Đại học Đà Nẵng | ||